| 000 | 00505nam a2200181 i 4500 | ||
|---|---|---|---|
| 001 | 131208 | ||
| 003 | ES-MaACL | ||
| 005 | 20230906193933.0 | ||
| 007 | t| | ||
| 008 | 070214s1917 sp |||| | spa d | ||
| 080 | _a821.134.2(899)-96"18" | ||
| 100 | 1 |
_aRodó, José Enrique _d1871-1917 _998152 |
|
| 245 | 1 | 0 |
_aMotivos de Proteo / _cJosé Enrique Rodó. |
| 260 |
_aMontevideo : _bEd. América, _c1917. |
||
| 300 |
_a2 v. ; _c20 cm. |
||
| 852 |
_aES-MaACL _jF-4476-77 |
||
| 999 |
_c131208 _d131208 |
||